Ewan Leading Wicket Takers - Statistics

General Stats
  • This quiz has been taken 3 times
  • The average score is 8 of 15
Answer Stats
Answer % Correct
Daniel Bushett
100%
Daniel Spina
100%
Daniel Tonner
100%
Jack Moody
100%
Royce Tonner
100%
Darren Smith
50%
Elliot Dale
50%
Kyle Gartrell
50%
Mitchell Tonner
50%
Peter Tonner
50%
Pierson Tonner
50%
Bear Humphries
0%
Jordan Bonner
0%
Liam Bonner
0%
Thomas Proctor
0%
No matching quizzes found
Score Distribution
Percent of People with Each Score
Percentile by Number Answered
Your Score History
You have not taken this quiz